Biblioteca

Entretenimientis bíblicos para todas las edades / Eliseo Angelucci (Registro nro. 38246)

Detalles MARC
000 -LÍDER
Campo fijo de descripción fija 006880000a22001810004500
020 ## - NÚMERO INTERNACIONAL NORMALIZADO PARA LIBROS
Número Internacional Normalizado del libro 0-8254-1030-4
041 0# - CÓDIGO DE IDIOMA
Código de idioma para texto/pista de sonido o título separado
082 04 - NÚMERO DE CLASIFICACIÓN DECIMAL DEWEY
Número de clasificación G 268.4 A585e
001 - NÚMERO DE CONTROL
Campo de control 8049
100 1# - ASIENTO PRINCIPAL--NOMBRE PERSONAL
Nombre personal Angelucci, Eliseo
245 10 - TÍTULO
Título del Material Entretenimientis bíblicos para todas las edades / Eliseo Angelucci
260 ## - PUBLICACIÓN, DISTRIBUCIÓN, ETC. (PIE DE IMPRENTA)
Lugar de publicación, distribución, etc. Grand Rapids, MI., USA : Portavoz
336 ## - CONTENT TYPE
Content type term texto
Content type code txt
Source rdacontent
337 ## - MEDIA TYPE
Source rdamedia
Media type term sin mediación
Media type code n
338 ## - CARRIER TYPE
Source rdacarrier
Carrier type term volumen
Carrier type code nc
505 00 - NOTA DE CONTENIDO
Nota de contenido con formato preestablecido Tomo V : Cascada, composición, clave dibujada, fuera de serie, mosaico de cuatro letras, líneas mezcladas. Tomo VI : El hexágono, crucidiagonal, coronas, mosaicos entrelazados, cristal de nieve, criptograma
942 ## - TIPO DE MATERIAL (KOHA)
Tipo de Item KOHA Libros General
Existencias
Estado de Material Estado de Perdido Estado de Dañado No para Préstamo Colección Tomo Biblioteca de Origen Biblioteca Permanente Fecha de Adquisición Total de Préstamos Signatura Topográfica Código de Barras Última vez visto Ejemplar/Existencia Fecha de Remplazo Tipo de Material
        Colección General 6 Biblioteca FUSBC Biblioteca FUSBC 12/01/2005   G 268.4 A585e 6499 12/12/2019 1 26/01/2016 Libros General
        Colección General 5 Biblioteca FUSBC Biblioteca FUSBC 12/01/2005   G 268.4 A585e 6500 12/12/2019 1 26/01/2016 Libros General

Biblioteca FUSBC | Teléfono: (57+4) 349 88 10 Ext. 141| WhatsApp (+57) 3005338115 
E-mail: biblioteca@unisbc.edu.co | Calle 76 87-14 Robledo Palenque, Medellín, Colombia

Con tecnología Koha